[Event "Gobernacion op"]
[Site "Gobernacion"]
[Date "2015.11.29"]
[Round "3"]
[White "Bautista Rodriguez, German"]
[Black "Franco Perez, William"]
[Result "0-1"]
[WhiteElo "1712"]
[BlackElo "1737"]
[PlyCount "72"]
[EventDate "2015.11.28"]
[EventType "swiss"]
[EventRounds "7"]
[EventCountry "COL"]
[SourceTitle "EXT 2017"]
[Source "ChessBase"]
[SourceDate "2016.10.25"]
[SourceVersion "1"]
[SourceVersionDate "2016.10.25"]
[SourceQuality "1"]

1. d4 Nf6 2. e3 g6 3. c4 Bg7 4. Nf3 0-0 5. Nc3 d6 6. Be2 Nbd7 7. 0-0 Re8 8. Re1 b6 9. Qc2 Bb7 10. b4 a5 11. b5 c5 12. d5 e6 13. Bb2 exd5 14. cxd5 Nxd5 15. Nxd5 Bxb2 16. Qxb2 Nf6 17. a4 Nxd5 18. Bc4 Nb4 19. Rad1 Bxf3 20. gxf3 Qg5+ 21. Kh1 d5 22. Rg1 Qe5 23. Qxe5 Rxe5 24. f4 Rf5 25. Bd3 Nxd3 26. Rxd3 Kf8 27. Rg5 Rxg5 28. fxg5 Rd8 29. Kg2 Ke7 30. f4 Ke6 31. Kf3 c4 32. Rc3 Rc8 33. h3 Kf5 34. h4 Rc5 35. e4+ dxe4+ 36. Ke3 Rc8 0-1

[Event "Gobernacion op"]
[Site "Gobernacion"]
[Date "2015.11.28"]
[Round "1"]
[White "Bautista Rodriguez, German"]
[Black "Daza, Fernando"]
[Result "1/2-1/2"]
[WhiteElo "1712"]
[BlackElo "1860"]
[PlyCount "66"]
[EventDate "2015.11.28"]
[EventType "swiss"]
[EventRounds "7"]
[EventCountry "COL"]
[SourceTitle "EXT 2017"]
[Source "ChessBase"]
[SourceDate "2016.10.25"]
[SourceVersion "1"]
[SourceVersionDate "2016.10.25"]
[SourceQuality "1"]

1. d4 Nf6 2. e3 e6 3. f4 d5 4. Nf3 c5 5. c3 Nbd7 6. Be2 Ne4 7. 0-0 f5 8. Nbd2 Ndf6 9. Ne5 Nxd2 10. Bxd2 c4 11. b4 Bd6 12. a4 0-0 13. Be1 Ne4 14. Kh1 Qe7 15. g4 Bxe5 16. dxe5 g6 17. Rg1 Kh8 18. Bf3 Bd7 19. Bxe4 dxe4 20. g5 Kg7 21. Qg4 Rh8 22. Ra2 a6 23. h4 Rag8 24. Kg2 Qf7 25. Kf1 Qe7 26. Qxf5 gxf5 27. h5 Re8 28. h6+ Kg6 29. Kf2 Bc6 30. Kf1 Ra8 31. Ke2 Rhg8 32. Kf2 b6 33. Bd2 Rge8 1/2-1/2